Innovation in primary school construction : Maldives community schools /

Bibliographic Details
Main Author: Luthfi, Mohamed
Other Authors: Zubair, Habeeba
Format: Book
Language:English
Published: Bangkok : Unesco Regional Office for Education in Asia and the Pacific, [1986]
Series:Educational building report ; 12.
Subjects:

MARC

Tag First Indicator Second Indicator Subfields
LEADER 00000cam a2200000 a 4500
001 in00000008488
005 20151003060023.0
008 870910s1986 th a 00010 eng d
035 |a (OCoLC)17284321 
035 |9 AAA0881AM 
040 |a YSM  |c YSM  |d TXA  |d UtOrBLW 
043 |a i-xc--- 
050 4 |a LB3219.M33  |b L87 1986 
100 1 |a Luthfi, Mohamed. 
245 1 0 |a Innovation in primary school construction :  |b Maldives community schools /  |c by Mohamed Luthfi, Habeeba Zubair. 
264 1 |a Bangkok :  |b Unesco Regional Office for Education in Asia and the Pacific,  |c [1986] 
264 4 |c ©1986 
300 |a 35 pages :  |b illustrations ;  |c 21 x 30 cm. 
336 |a text  |b txt  |2 rdacontent 
337 |a unmediated  |b n  |2 rdamedia 
338 |a volume  |b nc  |2 rdacarrier 
490 1 |a Educational building report ;  |v 12 
650 0 |a Community schools  |z Maldives. 
650 0 |a Elementary school buildings  |z Maldives. 
650 0 |a Educational innovations  |z Maldives. 
700 1 |a Zubair, Habeeba. 
830 0 |a Educational building report ;  |v 12. 
999 |a MARS 
999 f f |s a8054b74-eae7-3152-b6b1-37b5e5877b4f  |i fbbe1855-824e-3b5e-afde-b7223f752fd2  |t 0 
952 f f |p ric  |a Texas A&M University  |b Rellis Campus  |c Joint Library Facility  |d Remote Storage  |t 0  |e LB3219.M33 L87 1986  |h Library of Congress classification  |i unmediated -- volume  |m A14812567007 
998 f f |a LB3219.M33 L87 1986  |t 0  |l Remote Storage